| 000 | 00590nam a2200205Ia 4500 | ||
|---|---|---|---|
| 003 | IIN | ||
| 005 | 20240201142826.0 | ||
| 008 | 231217s9999 xx 000 0 und d | ||
| 020 |
_cRs.895.00 _a9789390020010 |
||
| 040 |
_aIIN _bEnglish |
||
| 082 |
_a610.7 _bVAT |
||
| 100 | 1 | _aVati, Jogindra | |
| 245 | 2 |
_aPrinciples & Practice of Nursing Management Administration for B.Sc & M.Sc Nursing _cJogindra Vati |
|
| 250 | _a2nd ed | ||
| 260 |
_bJaypee _aNew Delhi _c2023 |
||
| 300 | _axvi, 667p. | ||
| 650 | 1 |
_aManagement _vNursing |
|
| 650 | 1 |
_aAdministration _vNursing |
|
| 942 | _cBOOK | ||
| 999 |
_c1615 _d1615 |
||